000 00620nam a2200205Ia 4500
008 240729s9999 xx 000 0 und d
022 _a2352-2895
245 0 _aNeurobiology of Stress
260 _aNetherlands
260 _bElsevier
650 _a Internal medicine
650 _a Neurology. Diseases of the nervous system | Science
650 _a Neurophysiology and neuropsychology
650 _a Neurosciences. Biological psychiatry. Neuropsychiatry
650 _a Physiology
650 _aMedicine
856 _uhttps://doaj.org/toc/6652d1abbfb04829944f74075f129e08
942 _2ddc
942 _cDOAJEJ
999 _c70215
_d70215
945 _a1
_bMadushi Gamage
_c1
_dMadushi Gamage